Regionálne prieskumy médií
Multimediálne prieskumy. Projekt regionálnych médií. Regionálne prieskumy agentúry Focus. Vyhotovenie záverečnej správy. Názor klientov.
Guardado en:
| Autor principal: | |
|---|---|
| Formato: | Capítulo de libro |
| Lenguaje: | eslovaco |
| Materias: | |
| Etiquetas: |
Sin Etiquetas, Sea el primero en etiquetar este registro!
|
MARC
| LEADER | 00000naa a2200000 4500 | ||
|---|---|---|---|
| 001 | r022693 | ||
| 005 | 20230922093612.5 | ||
| 041 | 0 | |a slo | |
| 044 | |a SK | ||
| 245 | 1 | 0 | |a Regionálne prieskumy médií |c K. Pivková |
| 520 | |a Multimediálne prieskumy. Projekt regionálnych médií. Regionálne prieskumy agentúry Focus. Vyhotovenie záverečnej správy. Názor klientov. | ||
| 610 | 2 | 0 | |a marketing |
| 610 | 2 | 0 | |a prieskum trhu |
| 610 | 2 | 0 | |a agentúry |
| 610 | 2 | 0 | |a Focus, s.r.o. Bratislava |
| 610 | 2 | 0 | |a médiá |
| 610 | 2 | 0 | |a mienka verejná |
| 100 | 1 | |a Pivková, K. | |